Core environment program and biodiversity conservation corridors initiative in the Greater Mekong Subregion

Contents: The core environment program (CEP-BCI); Environmental assessments of economic corridors and sectors; Biodiversity conservation corridors intiative (BCI)...

Na minha lista:
Detalhes bibliográficos
Formato: Livro
Idioma:Undetermined
Publicado em: Manila Asian Development Bank 2011
Assuntos:
Tags: Adicionar Tag
Sem tags, seja o primeiro a adicionar uma tag!
Thư viện lưu trữ: Trung tâm Học liệu Trường Đại học Cần Thơ
LEADER 00771nam a2200181Ia 4500
001 CTU_189705
008 210402s9999 xx 000 0 und d
082 |a 333.9 
082 |b C797/P.1 
245 0 |a Core environment program and biodiversity conservation corridors initiative in the Greater Mekong Subregion 
245 0 |c Chonchinee Amawatana ... [et al.] 
260 |a Manila 
260 |b Asian Development Bank 
260 |c 2011 
520 |a Contents: The core environment program (CEP-BCI); Environmental assessments of economic corridors and sectors; Biodiversity conservation corridors intiative (BCI)... 
650 |a Biodiversity conservation,Bảo tồn đa dạng sinh học 
904 |i Giang 
980 |a Trung tâm Học liệu Trường Đại học Cần Thơ